000 00773nam a2200277Ia 4500
003 OSt
005 20221006153042.0
006 a|||||r|||| 00| 0
007 ta
008 221006b |||||||| |||| 00| 0 kor d
020 _a9788975990595
_cW8,000
024 _a31,140
037 _bGift, Korea Foundation
_cTextual
040 _aEASL
_cEASL
_bkor
041 _2kor
_akor
082 _aNS, P0
100 _aJung Soyoung Au.
_9662315
245 0 _aMuyonge Yihea = Understanding Dance
260 _aDaejon
_bChungnam University Korea
_c1999
300 _a219p.
_ccm.
490 _v KL
650 _a KL
650 _aUnderstanding-dance
_9662316
942 _hNS, P0
_cTEXL
_2CC
999 _c1099226
_d1099226